000 00465pab a2200169 454500
008 180718b2002 xxu||||| |||| 00| 0 eng d
100 _aDonley, Michael B.
245 _aHomeland security: the difference between a vision and a wish
260 _c2002
300 _ap.138-44.
362 _aSep
650 _aState security - United States
650 _aState security
700 _aPollard, Neal A.
773 _aPublic Administration Review
909 _a54994
999 _c54994
_d54994